[Event "RUS-ch Boys U21 2021"]
[Site "Loo"]
[Date "2021.04.24"]
[Round "4.4"]
[White "Shubin, Kirill"]
[Black "Golikov, Daniil"]
[Result "1/2-1/2"]
[WhiteElo "2466"]
[BlackElo "2250"]
[Annotator "ChessBase"]
[PlyCount "96"]
[EventDate "2021.04.21"]
[EventType "swiss"]
[EventCountry "RUS"]
[SourceTitle "playchess.com"]
[Source "ChessBase"]
[SourceQuality "1"]
[TimeControl "40/5400+30:1800+30"]

1. e4 {[%emt 0:00:00]} e6 {[%emt 0:00:00]} 2. d4 {[%emt 0:00:00]} d5 {[%emt 0:00:00]} 3. Nc3 {[%emt 0:00:00]} Nf6 {[%emt 0:00:00]} 4. Bg5 {[%emt 0:00:00]} Be7 {[%emt 0:00:00]} 5. e5 {[%emt 0:00:07]} Nfd7 {[%emt 0:00:00]} 6. Bxe7 {[%emt 0:00:05]} Qxe7 {[%emt 0:00:00]} 7. f4 {[%emt 0:00:34]} O-O {[%emt 0:01:41]} 8. Nf3 {[%emt 0:00:21]} c5 {[%emt 0:00:05]} 9. Nb5 {[%emt 0:00:04]} Nc6 {[%emt 0:04:41]} 10. c3 {[%emt 0:00:19]} cxd4 {[%emt 0:20:18]} 11. cxd4 {[%emt 0:00:11]} Qb4+ {[%emt 0:00:56]} 12. Qd2 {[%emt 0:00:08]} Nb6 {[%emt 0:02:49]} 13. Nd6 {[%emt 0:02:55]} Qxd2+ {[%emt 0:07:48]} 14. Kxd2 {[%emt 0:00:06]} Rb8 {[%emt 0:00:03]} 15. Rc1 {[%emt 0:06:00]} Bd7 {[%emt 0:00:50]} 16. Bd3 {[%emt 0:01:19]} Nc8 {[%emt 0:01:40]} 17. Nxc8 {[%emt 0:03:00]} Rbxc8 {[%emt 0:02:09]} 18. g4 {[%emt 0:03:41]} Ne7 {[%emt 0:11:08]} 19. Ke3 {[%emt 0:03:12]} Rxc1 {[%emt 0:05:16]} 20. Rxc1 {[%emt 0:00:05]} Rc8 {[%emt 0:00:06]} 21. Rg1 {[%emt 0:01:51]} Rf8 {[%emt 0:05:50]} 22. h4 {[%emt 0:01:27]} g6 {[%emt 0:02:59]} 23. h5 {[%emt 0:01:26]} Kg7 {[%emt 0:00:04]} 24. Rh1 {[%emt 0:03:57]} h6 {[%emt 0:02:09]} 25. g5 {[%emt 0:04:10]} gxh5 {[%emt 0:02:30]} 26. Rxh5 {[%emt 0:01:30]} Rh8 {[%emt 0:00:46]} 27. gxh6+ {[%emt 0:02:14]} Rxh6 {[%emt 0:02:21]} 28. Rg5+ {[%emt 0:00:14]} Kf8 {[%emt 0:01:03]} 29. Rg3 {[%emt 0:01:10]} Nc6 {[%emt 0:08:58]} 30. a3 {[%emt 0:00:07]} Rh1 {[%emt 0:03:17]} 31. Rg1 {[%emt 0:01:15]} Rxg1 {[%emt 0:00:54]} 32. Nxg1 {[%emt 0:00:04]} Ke7 {[%emt 0:02:00]} 33. Nf3 {[%emt 0:00:33]} a6 {[%emt 0:01:40]} 34. Nd2 {[%emt 0:00:43]} a5 {[%emt 0:02:21]} 35. Nb1 {[%emt 0:00:56]} f6 {[%emt 0:03:15]} 36. Nc3 {[%emt 0:00:13]} fxe5 {[%emt 0:00:21]} 37. fxe5 {[%emt 0:00:03]} Na7 {[%emt 0:00:55]} 38. Kd2 {[%emt 0:00:38]} Be8 {[%emt 0:00:27]} 39. Bf1 {[%emt 0:00:18]} Bd7 {[%emt 0:01:06]} 40. Bd3 {[%emt 0:00:00]} Be8 {[%emt 0:00:00]} 41. Ne2 {[%emt 0:00:28]} Bb5 {[%emt 0:07:32]} 42. Bxb5 {[%emt 0:00:06]} Nxb5 {[%emt 0:00:01]} 43. Kd3 {[%emt 0:00:08]} Kd7 {[%emt 0:00:30]} 44. Kc2 {[%emt 0:00:33]} Nc7 {[%emt 0:01:21]} 45. Kb3 {[%emt 0:00:10]} b6 {[%emt 0:00:31]} 46. Ka4 {[%emt 0:00:41]} Kc6 {[%emt 0:00:30]} 47. Nf4 {[%emt 0:03:06]} Kd7 {[%emt 0:00:28]} 48. Nh3 {[%emt 0:00:25]} Ke8 {[%emt 0:00:45]} 1/2-1/2

[Event "RUS-ch Boys U21 2021"]
[Site "Loo"]
[Date "2021.04.24"]
[Round "4.5"]
[White "Pavlov, Danila"]
[Black "Pogosyan, Stefan"]
[Result "1-0"]
[WhiteElo "2360"]
[BlackElo "2444"]
[Annotator "NA"]
[PlyCount "75"]
[EventDate "2021.04.21"]
[EventType "swiss"]
[EventCountry "RUS"]
[SourceTitle "playchess.com"]
[Source "ChessBase"]
[SourceQuality "1"]
[TimeControl "40/5400+30:1800+30"]

1. e4 {[%emt 0:00:00]} c5 {[%emt 0:07:23]} 2. Nf3 {[%emt 0:00:00]} Nc6 {[%emt 0:00:08]} 3. d4 {[%emt 0:00:00]} cxd4 {[%emt 0:00:12]} 4. Nxd4 {[%emt 0:00:00]} e6 {[%emt 0:00:30]} 5. Nc3 {[%emt 0:00:00]} Qc7 {[%emt 0:00:29]} 6. g3 {[%emt 0:00:00]} a6 {[%emt 0:00:36]} 7. Bg2 {[%emt 0:00:00]} Nf6 {[%emt 0:00:12]} 8. O-O {[%emt 0:00:03]} Bc5 {[%emt 0:00:11]} 9. Nb3 {[%emt 0:00:18]} Ba7 {[%emt 0:00:31]} 10. Qe2 {[%emt 0:07:12]} Ne5 {[%emt 0:01:39]} 11. Kh1 {[%emt 0:08:16]} h5 {[%emt 0:11:54]} 12. f4 {[%emt 0:05:58]} Nc4 {[%emt 0:00:35]} 13. e5 {[%emt 0:15:17]} Ng4 {[%emt 0:00:22]} 14. Ne4 {[%emt 0:00:38]} d5 {[%emt 0:13:55]} 15. exd6 {[%emt 0:08:37]} Nxd6 {[%emt 0:02:06]} 16. Nxd6+ {[%emt 0:10:00]} Qxd6 {[%emt 0:00:08]} 17. Bd2 {[%emt 0:17:40]} Qc7 {[%emt 0:12:56]} 18. c4 {[%emt 0:13:56]} e5 {[%emt 0:08:26]} 19. f5 {[%emt 0:05:39]} Bd7 {[%emt 0:01:03]} 20. Na5 {[%emt 0:01:36]} Rb8 {[%emt 0:10:49]} 21. b4 {[%emt 0:00:47]} g6 {[%emt 0:01:52]} 22. fxg6 {[%emt 0:01:06]} h4 {[%emt 0:00:06]} 23. g7 {[%emt 0:01:21]} Rg8 {[%emt 0:00:04]} 24. h3 {[%emt 0:00:02]} hxg3 {[%emt 0:01:39]} 25. hxg4 {[%emt 0:00:56]} Rxg7 {[%emt 0:00:06]} 26. Be3 {[%emt 0:01:18]} Bxg4 {[%emt 0:00:32]} 27. Qe1 {[%emt 0:00:09]} Be6 {[%emt 0:06:20]} 28. Bxa7 {[%emt 0:00:51]} Qe7 {[%emt 0:00:13]} 29. Rf3 {[%emt 0:00:15]} Qh4+ {[%emt 0:00:42]} 30. Kg1 {[%emt 0:00:02]} e4 {[%emt 0:00:49]} 31. Rf4 {[%emt 0:02:24]} Qxf4 {[%emt 0:00:57]} 32. Bxb8 {[%emt 0:00:01]} Qxb8 {[%emt 0:00:07]} 33. Qxe4 {[%emt 0:00:01]} Qd8 {[%emt 0:01:26]} 34. Nxb7 {[%emt 0:00:43]} Qd2 {[%emt 0:00:21]} 35. Qc6+ {[%emt 0:00:11]} Bd7 {[%emt 0:00:46]} 36. Qb6 {[%emt 0:00:48]} Be6 {[%emt 0:06:18]} 37. Nd6+ {[%emt 0:00:42]} Ke7 {[%emt 0:00:14]} 38. Ne4 1-0

[Event "RUS-ch Boys U21 2021"]
[Site "Loo"]
[Date "2021.04.24"]
[Round "4.6"]
[White "Shpakov, Vladimir"]
[Black "Makarian, Rudik"]
[Result "0-1"]
[WhiteElo "1871"]
[BlackElo "2468"]
[Annotator "ChessBase"]
[PlyCount "60"]
[EventDate "2021.04.21"]
[EventType "swiss"]
[EventCountry "RUS"]
[SourceTitle "playchess.com"]
[Source "ChessBase"]
[SourceQuality "1"]
[TimeControl "40/5400+30:1800+30"]

1. d4 d6 {[%emt 0:00:15]} 2. Nf3 {[%emt 0:00:00]} f5 {[%emt 0:00:44]} 3. c4 {[%emt 0:00:00]} Nf6 {[%emt 0:00:06]} 4. Nc3 {[%emt 0:00:06]} g6 {[%emt 0:00:27]} 5. Bg5 {[%emt 0:00:33]} Nbd7 {[%emt 0:00:25]} 6. d5 {[%emt 0:01:07]} Bg7 {[%emt 0:03:02]} 7. Nd4 {[%emt 0:03:36]} Nc5 {[%emt 0:01:16]} 8. e3 {[%emt 0:01:16]} Nfe4 {[%emt 0:02:43]} 9. Nxe4 {[%emt 0:00:44]} Nxe4 {[%emt 0:00:08]} 10. Bh4 {[%emt 0:00:17]} c5 {[%emt 0:00:45]} 11. Nb3 {[%emt 0:04:16]} Bxb2 {[%emt 0:00:36]} 12. Bd3 {[%emt 0:00:06]} Bc3+ {[%emt 0:01:20]} 13. Ke2 {[%emt 0:00:10]} Bxa1 {[%emt 0:08:08]} 14. Qxa1 {[%emt 0:00:09]} O-O {[%emt 0:00:06]} 15. g4 {[%emt 0:02:19]} Nf6 {[%emt 0:06:15]} 16. gxf5 {[%emt 0:00:39]} Bxf5 {[%emt 0:00:04]} 17. Bxf5 {[%emt 0:00:12]} gxf5 {[%emt 0:00:04]} 18. Qg1+ {[%emt 0:03:43]} Kf7 {[%emt 0:01:02]} 19. Qg5 {[%emt 0:02:14]} Rg8 {[%emt 0:00:27]} 20. Qxf5 {[%emt 0:00:10]} Qd7 {[%emt 0:00:03]} 21. Qxd7 {[%emt 0:00:28]} Nxd7 {[%emt 0:00:05]} 22. Nd2 {[%emt 0:00:34]} a6 {[%emt 0:02:28]} 23. Rb1 {[%emt 0:00:15]} b5 {[%emt 0:00:28]} 24. cxb5 {[%emt 0:00:13]} axb5 {[%emt 0:00:06]} 25. Rxb5 {[%emt 0:00:05]} Rgb8 {[%emt 0:00:04]} 26. Rxb8 {[%emt 0:00:30]} Nxb8 {[%emt 0:00:03]} 27. Kd3 {[%emt 0:00:18]} Ra3+ {[%emt 0:00:09]} 28. Kc2 {[%emt 0:00:33]} Rxa2+ {[%emt 0:00:03]} 29. Kc3 {[%emt 0:00:06]} Nd7 {[%emt 0:00:05]} 30. Nc4 {[%emt 0:00:16]} Nf6 {[%emt 0:00:14]} 0-1

[Event "RUS-ch Boys U21 2021"]
[Site "Loo"]
[Date "2021.04.24"]
[Round "4.7"]
[White "Makovich, Andrey"]
[Black "Stukan, Martin"]
[Result "0-1"]
[WhiteElo "2171"]
[BlackElo "2390"]
[Annotator "NA"]
[PlyCount "74"]
[EventDate "2021.04.21"]
[EventType "swiss"]
[EventCountry "RUS"]
[SourceTitle "playchess.com"]
[Source "ChessBase"]
[SourceQuality "1"]
[TimeControl "40/5400+30:1800+30"]

1. d4 {[%emt 0:00:00]} Nf6 {[%emt 0:00:00]} 2. Nf3 {[%emt 0:00:00]} d5 {[%emt 0:00:00]} 3. c4 {[%emt 0:00:00]} e6 {[%emt 0:00:00]} 4. e3 {[%emt 0:00:00]} Be7 {[%emt 0:00:42]} 5. Nbd2 {[%emt 0:00:10]} O-O {[%emt 0:01:07]} 6. Bd3 {[%emt 0:00:05]} c5 {[%emt 0:03:01]} 7. b3 {[%emt 0:00:21]} cxd4 {[%emt 0:12:21]} 8. exd4 {[%emt 0:00:19]} Nc6 {[%emt 0:00:57]} 9. Bb2 {[%emt 0:00:09]} b6 {[%emt 0:01:20]} 10. O-O {[%emt 0:04:02]} Bb7 {[%emt 0:00:11]} 11. Qe2 {[%emt 0:00:37]} Rc8 {[%emt 0:07:01]} 12. Rac1 {[%emt 0:00:12]} Bd6 {[%emt 0:01:24]} 13. Rfe1 {[%emt 0:09:07]} Qe7 {[%emt 0:02:26]} 14. Ne5 {[%emt 0:03:06]} Ba3 {[%emt 0:02:59]} 15. Ndf3 {[%emt 0:00:11]} Bxb2 {[%emt 0:01:01]} 16. Qxb2 {[%emt 0:00:02]} h6 {[%emt 0:02:21]} 17. Nxc6 {[%emt 0:04:52]} Rxc6 {[%emt 0:03:01]} 18. Ne5 {[%emt 0:02:48]} Rc7 {[%emt 0:02:25]} 19. f4 {[%emt 0:05:17]} dxc4 {[%emt 0:24:26]} 20. bxc4 {[%emt 0:00:31]} Qd6 {[%emt 0:14:09]} 21. f5 {[%emt 0:06:44]} exf5 {[%emt 0:00:18]} 22. Bxf5 {[%emt 0:00:12]} Re7 {[%emt 0:00:41]} 23. c5 {[%emt 0:00:55]} bxc5 {[%emt 0:05:46]} 24. dxc5 {[%emt 0:00:35]} Qd5 {[%emt 0:00:55]} 25. Nf3 {[%emt 0:17:33]} Rxe1+ {[%emt 0:02:29]} 26. Nxe1 {[%emt 0:00:11]} Ba8 {[%emt 0:00:24]} 27. Bb1 {[%emt 0:04:22]} Re8 {[%emt 0:05:23]} 28. Nf3 {[%emt 0:00:31]} Bc6 {[%emt 0:01:46]} 29. Qc2 {[%emt 0:09:52]} g6 {[%emt 0:01:22]} 30. Qd2 {[%emt 0:05:29]} Qh5 {[%emt 0:01:00]} 31. Qf4 {[%emt 0:00:05]} Re2 {[%emt 0:01:47]} 32. Qxf6 {[%emt 0:00:44]} Qg4 {[%emt 0:00:09]} 33. g3 {[%emt 0:05:03]} Bxf3 {[%emt 0:00:08]} 34. Rd1 {[%emt 0:01:11]} Rg2+ {[%emt 0:00:54]} 35. Kf1 {[%emt 0:00:01]} Qc4+ {[%emt 0:00:25]} 36. Bd3 {[%emt 0:00:13]} Qxc5 {[%emt 0:00:09]} 37. Qd8+ {[%emt 0:01:40]} Kg7 {[%emt 0:00:13]} 0-1

[Event "RUS-ch Boys U21 2021"]
[Site "Loo"]
[Date "2021.04.24"]
[Round "4.8"]
[White "Zhafyarov, Adel"]
[Black "Marchenko, Nikolay"]
[Result "1/2-1/2"]
[WhiteElo "2252"]
[BlackElo "2062"]
[Annotator "ChessBase"]
[PlyCount "138"]
[EventDate "2021.04.21"]
[EventType "swiss"]
[EventCountry "RUS"]
[SourceTitle "playchess.com"]
[Source "ChessBase"]
[SourceQuality "1"]
[TimeControl "40/5400+30:1800+30"]

1. d4 {[%emt 0:01:00]} Nf6 {[%emt 0:00:05]} 2. Bf4 {[%emt 0:00:03]} c5 {[%emt 0:00:03]} 3. e3 {[%emt 0:00:06]} Qb6 {[%emt 0:00:30]} 4. Na3 {[%emt 0:01:20]} d6 {[%emt 0:02:30]} 5. Nc4 {[%emt 0:01:18]} Qc7 {[%emt 0:00:04]} 6. a4 {[%emt 0:03:27]} Nbd7 {[%emt 0:03:09]} 7. h3 {[%emt 0:02:34]} g6 {[%emt 0:00:56]} 8. Nf3 {[%emt 0:00:06]} Bg7 {[%emt 0:00:04]} 9. Be2 {[%emt 0:00:04]} cxd4 {[%emt 0:02:12]} 10. exd4 {[%emt 0:00:07]} Nd5 {[%emt 0:00:05]} 11. Bh2 {[%emt 0:00:38]} O-O {[%emt 0:00:09]} 12. O-O {[%emt 0:00:07]} b6 {[%emt 0:00:31]} 13. Na3 {[%emt 0:04:48]} Bb7 {[%emt 0:03:52]} 14. Re1 {[%emt 0:03:31]} Rac8 {[%emt 0:05:15]} 15. c3 {[%emt 0:00:58]} Qb8 {[%emt 0:04:06]} 16. a5 {[%emt 0:03:48]} Rfe8 {[%emt 0:04:54]} 17. a6 {[%emt 0:02:46]} Bc6 {[%emt 0:01:21]} 18. Qb3 {[%emt 0:05:44]} h6 {[%emt 0:11:51]} 19. Bc4 {[%emt 0:03:46]} e6 {[%emt 0:00:39]} 20. Nb5 {[%emt 0:04:27]} Bxb5 {[%emt 0:02:41]} 21. Bxb5 {[%emt 0:00:35]} Red8 {[%emt 0:00:08]} 22. Nd2 {[%emt 0:00:05]} N7f6 {[%emt 0:00:16]} 23. Qa4 {[%emt 0:04:56]} Qa8 {[%emt 0:02:02]} 24. c4 {[%emt 0:03:39]} Ne7 {[%emt 0:00:04]} 25. d5 {[%emt 0:00:04]} e5 {[%emt 0:01:28]} 26. f4 {[%emt 0:00:13]} Nh5 {[%emt 0:04:02]} 27. g4 {[%emt 0:05:17]} Nf6 {[%emt 0:18:57]} 28. fxe5 {[%emt 0:00:04]} dxe5 {[%emt 0:00:06]} 29. Bxe5 {[%emt 0:00:12]} Nfxd5 {[%emt 0:21:14]} 30. cxd5 {[%emt 0:00:36]} Qxd5 {[%emt 0:00:16]} 31. Bxg7 {[%emt 0:00:57]} Qc5+ {[%emt 0:00:06]} 32. Kh1 {[%emt 0:00:09]} Rxd2 {[%emt 0:00:05]} 33. Be5 {[%emt 0:12:39]} Qd5+ {[%emt 0:01:57]} 34. Qe4 {[%emt 0:00:05]} Qxb5 {[%emt 0:00:11]} 35. Bc3 {[%emt 0:00:05]} Rd7 {[%emt 0:00:42]} 36. Rad1 {[%emt 0:03:03]} Rxd1 {[%emt 0:06:46]} 37. Rxd1 {[%emt 0:00:01]} Qc6 {[%emt 0:00:06]} 38. Qxc6 {[%emt 0:00:24]} Nxc6 {[%emt 0:00:05]} 39. Rd7 {[%emt 0:00:07]} b5 {[%emt 0:03:36]} 40. Rb7 {[%emt 0:00:00]} b4 {[%emt 0:00:00]} 41. Bf6 {[%emt 0:15:19]} g5 {[%emt 0:04:03]} 42. h4 {[%emt 0:09:50]} gxh4 {[%emt 0:00:33]} 43. Kg2 {[%emt 0:01:18]} Re8 {[%emt 0:05:46]} 44. Rc7 {[%emt 0:02:21]} Re6 {[%emt 0:00:10]} 45. Bxh4 {[%emt 0:00:42]} Kg7 {[%emt 0:01:40]} 46. Bf2 {[%emt 0:00:41]} Kg6 {[%emt 0:04:25]} 47. Kg3 {[%emt 0:00:37]} Nb8 {[%emt 0:00:48]} 48. Rxa7 {[%emt 0:00:58]} Rxa6 {[%emt 0:02:28]} 49. Rb7 {[%emt 0:00:05]} Nc6 {[%emt 0:00:03]} 50. Bc5 {[%emt 0:01:19]} Ra5 {[%emt 0:00:29]} 51. Bxb4 {[%emt 0:00:52]} Nxb4 {[%emt 0:00:05]} 52. Rxb4 {[%emt 0:00:03]} Ra1 {[%emt 0:00:36]} 53. Rb6+ {[%emt 0:00:59]} Kg7 {[%emt 0:00:07]} 54. b4 {[%emt 0:00:19]} Rb1 {[%emt 0:00:10]} 55. b5 {[%emt 0:00:24]} Rb4 {[%emt 0:00:57]} 56. Kh3 {[%emt 0:00:52]} Rb3+ {[%emt 0:03:22]} 57. Kh4 {[%emt 0:00:35]} Rb1 {[%emt 0:01:02]} 58. Rb8 {[%emt 0:00:20]} Rb4 {[%emt 0:01:59]} 59. Kg3 {[%emt 0:01:09]} Kh7 {[%emt 0:00:48]} 60. b6 {[%emt 0:01:20]} Kg7 {[%emt 0:00:05]} 61. Kf3 {[%emt 0:06:51]} Kh7 {[%emt 0:00:24]} 62. Ke3 {[%emt 0:00:42]} Rxg4 {[%emt 0:00:05]} 63. Rf8 {[%emt 0:00:10]} Kg7 {[%emt 0:05:59]} 64. b7 {[%emt 0:00:15]} Kxf8 {[%emt 0:00:09]} 65. b8=Q+ {[%emt 0:00:02]} Kg7 {[%emt 0:00:07]} 66. Qe5+ {[%emt 0:00:06]} Kg8 {[%emt 0:00:04]} 67. Kf3 {[%emt 0:00:37]} Rg6 {[%emt 0:00:06]} 68. Kf4 {[%emt 0:00:06]} Re6 {[%emt 0:00:08]} 69. Qc3 {[%emt 0:00:26]} Rg6 {[%emt 0:00:06]} 1/2-1/2

[Event "RUS-ch Boys U21 2021"]
[Site "Loo"]
[Date "2021.04.24"]
[Round "4.9"]
[White "Babanin, Gleb"]
[Black "Nesterov, Arseniy"]
[Result "1/2-1/2"]
[WhiteElo "2123"]
[BlackElo "2482"]
[Annotator "ChessBase"]
[PlyCount "94"]
[EventDate "2021.04.21"]
[EventType "swiss"]
[EventCountry "RUS"]
[SourceTitle "playchess.com"]
[Source "ChessBase"]
[SourceQuality "1"]
[TimeControl "40/5400+30:1800+30"]

1. e4 {[%emt 0:00:00]} e5 {[%emt 0:00:00]} 2. Nf3 {[%emt 0:00:00]} Nc6 {[%emt 0:00:00]} 3. Bb5 {[%emt 0:00:00]} a6 {[%emt 0:00:00]} 4. Ba4 {[%emt 0:00:00]} Nf6 {[%emt 0:00:00]} 5. O-O {[%emt 0:00:00]} Be7 {[%emt 0:00:00]} 6. Re1 {[%emt 0:00:00]} b5 {[%emt 0:00:01]} 7. Bb3 {[%emt 0:00:00]} d6 {[%emt 0:00:05]} 8. c3 {[%emt 0:00:01]} O-O {[%emt 0:00:06]} 9. h3 {[%emt 0:00:05]} Nb8 {[%emt 0:00:13]} 10. d4 {[%emt 0:00:07]} Nbd7 {[%emt 0:00:05]} 11. Nbd2 {[%emt 0:00:08]} Bb7 {[%emt 0:00:08]} 12. Bc2 {[%emt 0:00:06]} Re8 {[%emt 0:00:38]} 13. Nf1 {[%emt 0:00:06]} Bf8 {[%emt 0:00:38]} 14. Ng3 {[%emt 0:00:06]} g6 {[%emt 0:01:26]} 15. a4 {[%emt 0:00:20]} c5 {[%emt 0:00:37]} 16. d5 {[%emt 0:00:38]} c4 {[%emt 0:00:06]} 17. Bg5 {[%emt 0:00:22]} Rb8 {[%emt 0:05:16]} 18. axb5 {[%emt 0:01:04]} axb5 {[%emt 0:00:01]} 19. Qd2 {[%emt 0:00:24]} Bg7 {[%emt 0:05:36]} 20. Bh6 {[%emt 0:00:54]} Bxh6 {[%emt 0:05:03]} 21. Qxh6 {[%emt 0:00:08]} Qe7 {[%emt 0:00:06]} 22. Ra5 {[%emt 0:03:35]} Bc8 {[%emt 0:00:27]} 23. Rea1 {[%emt 0:02:14]} Qf8 {[%emt 0:01:20]} 24. Qg5 {[%emt 0:10:42]} h6 {[%emt 0:00:31]} 25. Qe3 {[%emt 0:00:21]} Nc5 {[%emt 0:00:07]} 26. Nd2 {[%emt 0:10:15]} Kg7 {[%emt 0:06:53]} 27. Ne2 {[%emt 0:05:28]} Qe7 {[%emt 0:01:42]} 28. Nc1 {[%emt 0:06:31]} Qc7 {[%emt 0:02:44]} 29. R1a3 {[%emt 0:05:01]} Bd7 {[%emt 0:02:12]} 30. Na2 {[%emt 0:02:55]} Na4 {[%emt 0:07:43]} 31. Ra7 {[%emt 0:00:26]} Qc8 {[%emt 0:01:22]} 32. Nb4 {[%emt 0:03:55]} Nxb2 {[%emt 0:03:32]} 33. R3a6 {[%emt 0:04:37]} Qc5 {[%emt 0:00:25]} 34. Ra2 {[%emt 0:33:50]} Qxe3 {[%emt 0:12:55]} 35. fxe3 {[%emt 0:00:01]} Na4 {[%emt 0:01:17]} 36. Bxa4 bxa4 {[%emt 0:00:01]} 37. Nxc4 {[%emt 0:01:15]} Rec8 {[%emt 0:00:50]} 38. Nxd6 {[%emt 0:00:13]} Rxc3 {[%emt 0:00:05]} 39. Nc6 {[%emt 0:00:49]} Rb6 {[%emt 0:11:57]} 40. Rf2 {[%emt 0:00:00]} a3 {[%emt 0:00:00]} 41. Nxf7 {[%emt 0:10:38]} Rb2 {[%emt 0:04:45]} 42. Nfxe5 {[%emt 0:02:17]} Rc1+ {[%emt 0:00:36]} 43. Rf1 {[%emt 0:00:04]} Rcc2 {[%emt 0:04:10]} 44. Nf3 {[%emt 0:13:14]} Rxg2+ {[%emt 0:00:05]} 45. Kh1 {[%emt 0:00:03]} h5 {[%emt 0:14:57]} 46. Nce5 {[%emt 0:04:30]} Nxe4 {[%emt 0:03:14]} 47. Rxd7+ {[%emt 0:00:04]} Kg8 {[%emt 0:00:06]} 1/2-1/2

[Event "RUS-ch Boys U21 2021"]
[Site "Loo"]
[Date "2021.04.24"]
[Round "4.10"]
[White "Akhtariev, Andrey"]
[Black "Koliev, Irlan"]
[Result "1/2-1/2"]
[WhiteElo "2190"]
[BlackElo "2023"]
[Annotator "NA"]
[PlyCount "98"]
[EventDate "2021.04.21"]
[EventType "swiss"]
[EventCountry "RUS"]
[SourceTitle "playchess.com"]
[Source "ChessBase"]
[SourceQuality "1"]
[TimeControl "40/5400+30:1800+30"]

1. c4 {[%emt 0:00:00]} Nf6 {[%emt 0:00:00]} 2. Nc3 {[%emt 0:00:00]} g6 {[%emt 0:00:49]} 3. g3 {[%emt 0:00:07]} d5 {[%emt 0:03:10]} 4. cxd5 {[%emt 0:00:06]} Nxd5 {[%emt 0:00:04]} 5. Bg2 {[%emt 0:01:06]} Nxc3 {[%emt 0:05:10]} 6. bxc3 {[%emt 0:00:34]} Bg7 {[%emt 0:00:07]} 7. Qb3 {[%emt 0:03:21]} c6 {[%emt 0:03:02]} 8. h4 {[%emt 0:02:48]} O-O {[%emt 0:02:23]} 9. h5 {[%emt 0:02:26]} Qc7 {[%emt 0:02:50]} 10. Rb1 {[%emt 0:05:17]} b6 {[%emt 0:04:25]} 11. hxg6 {[%emt 0:01:58]} hxg6 {[%emt 0:00:07]} 12. Nh3 {[%emt 0:00:36]} Bf5 {[%emt 0:02:04]} 13. e4 {[%emt 0:03:50]} Bg4 {[%emt 0:24:04]} 14. Ba3 {[%emt 0:06:21]} c5 {[%emt 0:04:16]} 15. Qd5 {[%emt 0:14:00]} Rd8 {[%emt 0:08:38]} 16. Qg5 {[%emt 0:16:13]} Qd7 {[%emt 0:00:12]} 17. Qe3 {[%emt 0:00:17]} Nc6 {[%emt 0:02:38]} 18. f3 {[%emt 0:08:22]} Be6 {[%emt 0:00:09]} 19. Bf1 {[%emt 0:00:22]} Ne5 {[%emt 0:03:41]} 20. Bc1 {[%emt 0:06:32]} Bxa2 {[%emt 0:01:17]} 21. Ra1 {[%emt 0:00:15]} Bc4 {[%emt 0:00:14]} 22. Nf2 {[%emt 0:00:30]} b5 {[%emt 0:05:52]} 23. Be2 {[%emt 0:02:08]} Bxe2 {[%emt 0:02:42]} 24. Kxe2 {[%emt 0:00:07]} c4 {[%emt 0:04:26]} 25. Ba3 {[%emt 0:03:33]} a5 {[%emt 0:00:56]} 26. Rab1 {[%emt 0:01:30]} Rab8 {[%emt 0:03:10]} 27. Bc5 {[%emt 0:00:39]} Nd3 {[%emt 0:03:55]} 28. Nxd3 {[%emt 0:00:37]} Qxd3+ {[%emt 0:00:02]} 29. Qxd3 {[%emt 0:00:07]} cxd3+ {[%emt 0:02:57]} 30. Ke3 {[%emt 0:00:25]} e5 {[%emt 0:00:06]} 31. Rb2 {[%emt 0:06:08]} Rdc8 {[%emt 0:03:05]} 32. Ba3 {[%emt 0:00:51]} b4 {[%emt 0:05:01]} 33. cxb4 {[%emt 0:00:10]} Bf8 {[%emt 0:00:01]} 34. Rhb1 {[%emt 0:00:42]} Rd8 {[%emt 0:00:14]} 35. f4 {[%emt 0:01:25]} exf4+ {[%emt 0:00:45]} 36. gxf4 {[%emt 0:00:17]} a4 {[%emt 0:00:27]} 37. Rc1 {[%emt 0:02:13]} Rb5 {[%emt 0:00:44]} 38. Rbb1 {[%emt 0:00:32]} Bg7 {[%emt 0:01:25]} 39. Rc4 {[%emt 0:00:57]} Rh5 {[%emt 0:00:57]} 40. e5 {[%emt 0:00:00]} g5 {[%emt 0:00:00]} 41. Rg1 {[%emt 0:13:57]} gxf4+ {[%emt 0:02:39]} 42. Rxf4 {[%emt 0:00:15]} Rxe5+ {[%emt 0:00:38]} 43. Kf3 {[%emt 0:00:05]} Re6 {[%emt 0:04:37]} 44. b5 {[%emt 0:05:48]} Rb8 {[%emt 0:02:18]} 45. Rfg4 {[%emt 0:00:38]} Rg6 {[%emt 0:00:23]} 46. Rxg6 {[%emt 0:00:05]} fxg6 {[%emt 0:00:05]} 47. Rb1 {[%emt 0:00:18]} Bf8 {[%emt 0:03:28]} 48. Bxf8 {[%emt 0:00:20]} Kxf8 {[%emt 0:00:03]} 49. Ke4 {[%emt 0:00:09]} a3 {[%emt 0:03:50]} 1/2-1/2